Sāhitya kathā. (Record no. 89225)

MARC details
000 -LEADER
fixed length control field 00606cam a22002411 4500
001 - CONTROL NUMBER
control field sa 68020057
003 - CONTROL NUMBER IDENTIFIER
control field DLC
005 - DATE AND TIME OF LATEST TRANSACTION
control field 20260227112722.0
008 - FIXED-LENGTH DATA ELEMENTS--GENERAL INFORMATION
fixed length control field 940602q19009999ce b 000 0 sino
010 ## - LIBRARY OF CONGRESS CONTROL NUMBER
LC control number sa 68020057
025 ## - OVERSEAS ACQUISITION NUMBER
Overseas acquisition number PL480:C-499
035 ## - SYSTEM CONTROL NUMBER
System control number (OCoLC)30538414
040 ## - CATALOGING SOURCE
Original cataloging agency DLC
Transcribing agency CU
Modifying agency CU
-- DLC
042 ## - AUTHENTICATION CODE
Authentication code premarc
050 00 - LIBRARY OF CONGRESS CALL NUMBER
Classification number PK2850
Item number .P3
100 1# - MAIN ENTRY--PERSONAL NAME
Personal name Pannakitti, Kotahene.
245 10 - TITLE STATEMENT
Title Sāhitya kathā.
260 ## - PUBLICATION, DISTRIBUTION, ETC.
Date of publication, distribution, etc. [19-
300 ## - PHYSICAL DESCRIPTION
Extent v. in
Dimensions 19 cm.
500 ## - GENERAL NOTE
General note In Sinhalese.
504 ## - BIBLIOGRAPHY, ETC. NOTE
Bibliography, etc. note Includes bibliographies.
650 #0 - SUBJECT ADDED ENTRY--TOPICAL TERM
Topical term or geographic name entry element Sinhalese literature
General subdivision History and criticism.

No items available.

Powered by Koha